| 000 | 00557nam a2200217Ia 4500 | ||
|---|---|---|---|
| 005 | 20250122060650.0 | ||
| 008 | 240331s9999 xx 000 0 und d | ||
| 020 | _a8170366445 | ||
| 082 |
_bCUS _24672 _a305.4 |
||
| 100 | _aCusters, P | ||
| 245 | 0 | _aCapital Accumulation and Women's Labour in Asian Economies | |
| 260 |
_aLondon _bZed Books _c1997 |
||
| 260 |
_aNew Delhi _bVistaar Publications _c1997 |
||
| 300 | _a401 p., | ||
| 650 | _aWomen | ||
| 650 | _aLabour | ||
| 650 | _aAsia | ||
| 650 | _aFeminism | ||
| 650 | _aWomen's Movement | ||
| 942 | _cL | ||
| 999 |
_c1634 _d1634 |
||